Top 10 producentów mleka - Statystyki

Ogólne statystyki
  • Ten quiz został rozwiązany 148 razy
  • Średni wynik to 8 z 10
Statystyki odpowiedzi
Tony Kraj % Poprawnych
87 461 300 Stany Zjednoczone
97%
36 022 650 Chiny
94%
17 010 500 Francja
89%
23 301 200 Niemcy
89%
31 895 100 Rosja
89%
50 300 000 Indie
86%
31 667 600 Brazylia
84%
13 960 000 Wielka Brytania
68%
12 480 100 Turcja
49%
12 437 000 Pakistan
35%
Nie znaleziono quizów pasujących do podanych kryteriów
Rozkład punktacji
Procent ludzi z każdym wynikiem
Percentyl według liczby udzielonych odpowiedzi
Twoja historia wyników
Nie rozwiązałeś tego quizu